东莞有哪些镇街——中文区 - Statistics

General Stats
  • This quiz has been taken 6 times
  • The average score is 14 of 32
Answer Stats
Hint Answer % Correct
长安镇Changan
100%
虎门镇Humen
100%
4 subdistricts 东城街道Dongcheng
75%
4个街道 莞城街道Guancheng
75%
常平镇Changping
50%
大朗镇Dalang
50%
大岭山镇Dalingshan
50%
凤岗镇Fenggang
50%
黄江镇Huangjiang
50%
寮步镇Liaobu
50%
麻涌镇Machong
50%
南城街道Nancheng
50%
桥头镇Qiaotou
50%
28镇 石龙镇Shilong
50%
塘厦镇Tangxia
50%
万江街道Wanjiang
50%
樟木头镇Zhangmutou
50%
28 towns 茶山镇Chashan
25%
道滘镇Daojiao
25%
东坑镇Dongkeng
25%
高埗镇Gaobu
25%
横沥镇Hengli
25%
洪梅镇Hongmei
25%
厚街镇Houjie
25%
清溪镇Qingxi
25%
企石镇Qishi
25%
沙田镇Shatian
25%
石碣镇Shijie
25%
石排镇Shipai
25%
望牛墩镇Wangniudun
25%
谢岗镇Xiegang
25%
中堂镇Zhongtang
25%
No matching quizzes found
Score Distribution
Percent of People with Each Score
Percentile by Number Answered
Your Score History
You have not taken this quiz